00681 a2200181 45000010006000000050017000060080041000230030015000640400040000790800083001192450045002020200022002472640090002693000017003595050085003760410008004611000030004696393520260521160826.0260521a1983 arg spa dAR-UNSa-BCEJYS aAR-UNSa-BCEJYSbspacAR-UNSa-BCEJYS a658.15xAdministración financiera privada. Gestión financiera de empresas 10aCuadernos de administración financiera a978-950-562-733-2 1aSanta Fe :bUniversidad Nacional del Litoral. Facultad de Ciencias Económicasc1983 a2 v.c29 cm. aVol. I: 1. La función Financiera - 2. El contexto - 3. -- Vol. II: Apéndices aspa1 aCandioti, Eduardo María